000 00689nam a22002177a 4500
003 0
005 20160609170126.0
008 101123t xxu||||| |||| 00| 0 eng d
020 _a2-8041-1534-8
022 _a0777-5245
040 _aBUAC
_bFr.
_cCRPU/UAC06
041 _aFr.
100 _aAllal, Linda
_911534
245 _aVers une pratique de l'évaluation formative:
_bMatériel de formation continue des enseignants
_cLinda Allal
260 _aParis, Bruxelles:
_bDe Boeck Université,
_c1991
300 _a158p.
_bCouv. en coul.
_c24 cm
440 _a(Pédagogies en développement)
_911535
504 _aComprend: bibliogr.
650 _aSCIENCES SOCIALES
_911536
942 _cLIVR
999 _c48359
_d48359